Vista normal
Vista MARC
Entrada Personal Name
Número de registros utilizados en: 1
001 - CONTROL NUMBER
- control field: 17192
003 - CONTROL NUMBER IDENTIFIER
- control field: Mx-PuUPA
005 - DATE AND TIME OF LATEST TRANSACTION
- control field: 20250613085315.0
008 - FIXED-LENGTH DATA ELEMENTS
- fixed length control field: 250613|| aca||aabn | a|a d
040 ## - CATALOGING SOURCE
- Original cataloging agency: Mx-PuUPA
- Language of cataloging: spa
- Transcribing agency: Mx-PuUPA
- Modifying agency: Mx-PuUPA
- Description conventions: rda
100 1# - HEADING--PERSONAL NAME
- Personal name: Díaz Güechá, Leonardo Yotuhel,
373 ## - ASSOCIATED GROUP
- Associated group: Universidad Simón Bolívar
- Associated group: Universidad Remington
374 ## - OCCUPATION
- Occupation: Autor
- Occupation: Doctor en Ciencias de la Educación
- Occupation: Magister en Educación
375 ## - GENDER
- Gender: hombre
377 ## - ASSOCIATED LANGUAGE
- Language code: spa
400 1# - SEE FROM TRACING--PERSONAL NAME
- Personal name: Güechá, Leonardo Yotuhel Díaz
670 ## - SOURCE DATA FOUND
- Information found: Las casas coloniales en torno al parque la Victoria de San José de Cúcuta, 2022:
- Uniform Resource Identifier: t.p. ( Leonardo Yotuhel Díaz Güechá) portada